LEADER 00807nam0-2200265 --450 001 9910223060303321 005 20171129143909.0 010 $a3540422099 100 $a20171107d2001----kmuy0itay5050 ba 101 0 $aeng 102 $aDE 105 $a 001yy 200 1 $aEconomics with heterogeneous interacting agents$fAlan Kirman, Jean Benoit Zimmermann (eds.) 210 $aBerlin \etc.!$cSpringer$d\2001! 215 $aIX, 343 p.$d24 cm. 225 1 $aLecture notes in economics and mathematical systems$v503 702 1$aKirman,$bAlan 702 1$aZimmermann,$bJean Benoit 801 0$aIT$bUNINA$gREICAT$2UNIMARC 901 $aBK 912 $a9910223060303321 952 $aXXXVI-A-5$fMAS 959 $aMAS 996 $aEconomics with heterogeneous interacting agents$956147 997 $aUNINA LEADER 01093nam0 22002891i 450 001 UON00169961 005 20231205103049.842 010 $a88-7910-407-1 100 $a20030616d1989 |0itac50 ba 101 $aita 102 $aIT 105 $a|||| ||||| 200 1 $aSoweto$fSipho Sepamla 210 $aRoma$cEdizioni Lavoro$dc1989 215 $axxxiv, 347 p.$d21 cm 410 1$1001UON00065656$12001 $aˆIl ‰lato dell'ombra$fCollana diretta da Itala Vivan$grealizzata con la collaborazione dell'Iscos$v15 606 $aROMANZI AFRICANI (lett. anglofona)$xSudafrica$3UONC018338$2FI 620 $aIT$dRoma$3UONL000004 676 $aSAF823$v21 700 0$aSIPHO Sepamla$3UONV098869$0675143 712 $aEdizioni Lavoro$3UONV245849$4650 801 $aIT$bSOL$c20240220$gRICA 899 $aSIBA - SISTEMA BIBLIOTECARIO DI ATENEO$2UONSI 912 $aUON00169961 950 $aSIBA - SISTEMA BIBLIOTECARIO DI ATENEO$dSI A Afr LETT I a 025 $eSI AA 11478 5 025 996 $aSoweto$91281615 997 $aUNIOR